Krishana_ Hindu Ideal of the 20th Century (Record no. 3316)

MARC details
000 -LEADER
fixed length control field 00584nam a2200229 a 4500
020 ## - INTERNATIONAL STANDARD BOOK NUMBER
ISBN
082 00 - DEWEY DECIMAL CLASSIFICATION NUMBER
Classification number 294.5
Author Cutter CLS
245 ## - TITLE STATEMENT
Title Krishana_ Hindu Ideal of the 20th Century
260 ## - PUBLICATION, DISTRIBUTION, ETC. (IMPRINT)
Place of publication London & Madras
Name of publisher Christian Lit. Society
Year of publication 1902
300 ## - PHYSICAL DESCRIPTION
Number of Pages 60p
500 ## - GENERAL NOTE
General note includes index and biblioraphy
505 2# - FORMATTED CONTENTS NOTE
Formatted contents note archives
650 ## - SUBJECT ADDED ENTRY--TOPICAL TERM
Topical Term Krishna-hinduism
942 ## - ADDED ENTRY ELEMENTS (KOHA)
Koha item type Books
Holdings
Collection code Home library Current library Date acquired Cost, normal purchase price Full call number Accession Number Koha item type
  Henry Martyn Institute Library Henry Martyn Institute Library 07/23/2007 100.00 294.5 CLS 06390 Books
                   Copyright © 2026 | Henry Martyn Institute | Hyderabad | TS-500052 | INDIA | Implemented by hmi.edu.in
Hit-Count:

Powered by Koha